书目信息 |
| 题名: |
如沐清风
|
|
| 作者: | 李景端 著 | |
| 分册: | ||
| 出版信息: | 天津 百花文艺出版社 2006.08 |
|
| 页数: | 248页 | |
| 开本: | 21cm | |
| 丛书名: | ||
| 单 册: | ||
| 中图分类: | I267 | |
| 科图分类: | ||
| 主题词: | 散文--san wen--中国--现代--选集 | |
| 电子资源: | ||
| ISBN: | 7-5306-4460-2 | |
| 000 | 00851nam0 2200241 450 | |
| 001 | 012008260653 | |
| 005 | 20080630111244.18 | |
| 010 | @a7-5306-4460-2@dCNY18.00 | |
| 100 | @a20080630d2006 em y0chiy0120 ea | |
| 101 | 0 | @achi |
| 102 | @aCN@b120000 | |
| 105 | @aac z 000cy | |
| 106 | @ar | |
| 200 | 1 | @a如沐清风@Aru mu qing feng@e与名家面对面@f李景端著@Fli jing duan zhu |
| 210 | @a天津@c百花文艺出版社@d2006.08 | |
| 215 | @a248页@c图, 肖像@d21cm | |
| 330 | @a本书收集了作者发表在报刊上的、与文坛名家交往的文章约七十篇,包括近眸名家、名家故事、名家书信、怀念名家、名家说我、我与名家、我“读”名家有感等七个专栏。 | |
| 517 | 1 | @a与名家面对面@Ayu ming jia mian dui mian |
| 606 | 0 | @a散文@Asan wen@y中国@z现代@j选集 |
| 690 | @aI267@v4 | |
| 701 | 0 | @a李景端@Ali jing duan@4著 |
| 801 | 0 | @aCN@bQSSK@c20080630 |
| 905 | @b730212-14@dI267@eL180@f3 | |
| 如沐清风:与名家面对面/李景端著.-天津:百花文艺出版社,2006.08 |
| 248页:图, 肖像;21cm |
| ISBN 7-5306-4460-2:CNY18.00 |
| 本书收集了作者发表在报刊上的、与文坛名家交往的文章约七十篇,包括近眸名家、名家故事、名家书信、怀念名家、名家说我、我与名家、我“读”名家有感等七个专栏。 |
| ● |
| 相关链接 |
|
|
|
正题名:如沐清风
索取号:I267/L180
 
预约/预借
| 序号 | 登录号 | 条形码 | 馆藏地/架位号 | 状态 | 备注 |
| 1 | 730212 | 207302122 | 文学库116/116文学库 4排6列5层/ [索取号:I267/L180] | 在馆 | |
| 2 | 730213 | 207302131 | 文学库116/116文学库 4排6列5层/ [索取号:I267/L180] | 在馆 | |
| 3 | 730214 | 207302140 | 文学库116/116文学库 4排6列5层/ [索取号:I267/L180] | 在馆 |